000 00501nam a2200193Ia 4500
005 20250508163633.0
008 008 250505s9999 xx 000 0 eng d
037 _aTextual
040 _aFEDL
_beng
_cFEDL
041 _aeng
_2eng
084 _a909, KAG
_qFEDL
100 _aKagan Donald
245 0 _aWestern heritage
250 _a4th
260 _aNew York, USA
_bMacmillan Publishing Company
_c1991
300 _a1157p.
942 _cTEXL
_h909, KAG
999 _c1384465
_d1384465